| 000 | 00503nam a2200181 4500 | ||
|---|---|---|---|
| 001 | VA18970 | ||
| 003 | ES-SlBCS | ||
| 005 | 20210601154254.0 | ||
| 008 | 140520s1971 xxu||||| |||| 00| 0 spa d | ||
| 041 | _aspa | ||
| 100 | 1 |
_aMarfeld, A. F. _927425 |
|
| 245 | 1 | 0 |
_aAl asalto del alma _b:Lo diabólico del inconsciente. Misterio y ser _cA. F. Marfeld;Diorki |
| 260 |
_aMadrid : _bStudium _c, 1971 |
||
| 300 |
_a347 p.; _c21 cm |
||
| 650 |
_aInconsciente _9151724 |
||
| 700 | 1 | 0 |
_aDiorki _921362 |
| 942 | _cBK | ||
| 999 |
_c802438 _d802438 |
||